| 000 | 00369nam a22001577a 4500 | ||
|---|---|---|---|
| 005 | 20200225153825.0 | ||
| 008 | 200225b xxu||||| |||| 00| 0 eng d | ||
| 020 | _a81-239-0277-8 | ||
| 041 | _aeng | ||
| 100 |
_aZAFAR, RASHEEDUZ _95134 |
||
| 245 | _aMEDICINAL PLANTS OF INDIA | ||
| 260 |
_aNEW DELHI _bCBS |
||
| 300 | _a132p, | ||
| 650 |
_aPHARMACY _95135 |
||
| 942 | _cBK | ||
| 999 |
_c6043 _d6041 |
||